Copper Underground: Its Resistance to Soil Corrosion (Record no. 548892)
[ view plain ]
| 000 -LEADER | |
|---|---|
| fixed length control field | 00412nam a22001337a 4500 |
| 082 ## - DEWEY DECIMAL CLASSIFICATION NUMBER | |
| Classification number | 669.3 |
| Author Mark | COP |
| -- | L-17, P-15 |
| 100 ## - MAIN ENTRY--PERSONAL NAME | |
| Personal name | Cop |
| 9 (RLIN) | 45348 |
| 245 ## - TITLE STATEMENT | |
| Title | Copper Underground: Its Resistance to Soil Corrosion |
| Statement of responsibility, etc. | Cop |
| 260 ## - PUBLICATION, DISTRIBUTION, ETC. | |
| Place of publication, distribution, etc. | Kendals Hall, Radlett, Herts |
| Name of publisher, distributor, etc. | Copper Development Association |
| Date of publication, distribution, etc. | c1947. |
| 300 ## - PHYSICAL DESCRIPTION | |
| Extent | P50. |
| Other physical details | ill |
| Dimensions | 18cm |
| 526 ## - STUDY PROGRAM INFORMATION NOTE | |
| Program name | 0 |
| Interest level | 0 |
| Reading level | 0 |
| Title point value | 669_300000000000000_COP |
| 650 ## - SUBJECT ADDED ENTRY--TOPICAL TERM | |
| Topical term or geographic name entry element | MCE |
| 9 (RLIN) | 379 |
| 942 ## - ADDED ENTRY ELEMENTS (KOHA) | |
| Source of classification or shelving scheme | |
| Koha item type | Book |
| Withdrawn status | Lost status | Source of classification or shelving scheme | Damaged status | Not for loan | Permanent Location | Current Location | Date acquired | Total Checkouts | Full call number | Barcode | Date last seen | Date last checked out | Price effective from | Koha item type |
|---|---|---|---|---|---|---|---|---|---|---|---|---|---|---|
| Military College of Engineering (MCE) | Military College of Engineering (MCE) | 09/10/2014 | 1 | 669.3 COP | MCE-48 | 09/11/2014 | 09/11/2014 | 09/10/2014 | Book |
